| 000 | 01222nam1a22002651 4500 | ||
|---|---|---|---|
| 001 | rc\33023 | ||
| 005 | 20021216124136.1 | ||
| 010 | _a5-03-002458-1 | ||
| 035 | _a(NLR Aleph) 005398359 | ||
| 090 |
_a7250100 _c7250100 |
||
| 100 | _a20021216d1992 u |0rusy50 ca | ||
| 101 | 0 | _arus | |
| 102 | _aRU | ||
| 105 | _ay ||||||||| | ||
| 200 | 1 |
_aИСТОЧНИКИ, эффекты и опасность ионизирующей радиации _eДокл. Науч. ком. ООН по действию атом. радиации Генер. ассамблее за 1988 г., с прил. _eВ 2 т. _fПер. с англ. А.В. Зайцева и др. _gПод ред. д. ф.-м. н. В.М. Кулакова и д. б. н. Л.М. Рождественского |
|
| 210 |
_aМ. _cМир _d1992 |
||
| 215 | _d22 | ||
| 300 | _aПер. изд.: Sources, effects and risks of ionizinq radiation (New York, 1988) | ||
| 702 | 1 |
_aКулаков _bВ. М. _gВалерий Михайлович _4340 |
|
| 712 | 0 | 2 |
_aООН _bНауч. ком. по действию атомной радиации _3RU\NLR\AUTH\8810020114 |
| 801 | 0 |
_aRU _bNLR _gpsbo |
|
| 801 | 1 |
_aRU _bELAR _2rusmarc |
|
| 852 |
_aNLR _j92-5/3242 |
||
| 942 | _cBOOK | ||
| 980 | _aNB | ||